| 000 -ლიდერი |
| ფიქსირებული სიგრძის საკონტროლო ველი |
01153nam a2200229Ia 4500 |
| 001 - საკონტროლო ნომერი |
| საკონტროლო ველი |
3853 |
| 003 - საკონტროლო ნომრის იდენტიფიკატორი |
| საკონტროლო ველი |
GE_BSU |
| 005 - ბოლო ოპერაციის თარიღი და დრო |
| საკონტროლო ველი |
20190813153933.0 |
| 008 - ფიქსირებული სიგრძის მონაცემთა ელემენტები - ზოგადი ინფორმაცია |
| ფიქსირებული სიგრძის საკონტროლო ველი |
181216s1998||||ge |||||||||||||| ||geo|| |
| 040 ## - კატალოგიზაციის წყარო |
| Transcribing agency |
GE_BSU |
| 041 ## - ენის კოდი |
| Language code of text/sound track or separate title |
geo |
| 080 ## - უნივერსალური ათობითი კლასიფიკაციის ინდექსი |
| Universal Decimal Classification number |
14(479.22)(091) შ–51 |
| 100 ## - მთავარი ჩანაწერი - პიროვნების სახელი |
| Personal name |
შერვაშიძე, გულიკო |
| 9 (RLIN) |
369 |
| 245 ## - ცნობა სათაურის შესახებ |
| Title |
საინტერესო ფურცლები ქართული ფილოსოფიური აზროვნების ისტორიიდან / |
| Statement of responsibility, etc |
რედ. : თენგიზ მოისწრაფიშვილი, მურმან გორგოშაძე. |
| 264 ## - წარმოების, გამოცემის, დისტრიბუციის და სხვა ცნობები |
| გამოცემის, წარმოების, დისტრიბუციის... ადგილი |
ბათუმი : |
| გამოცემის, წარმოების, დისტრიბუციის... სახელწოდება |
აჭარა, |
| გამოცემის, წარმოების, დისტრიბუციის... თარიღი |
1998. |
| 300 ## - ფიზიკური აღწერა |
| Extent |
135 გვ. ; |
| Other physical details |
20სმ. |
| 504 ## - BIBLIOGRAPHY, ETC. NOTE |
| Bibliography, etc |
ბიბლიოგრაფიული გვ. 137–140 |
| 653 ## - INDEX TERM--UNCONTROLLED |
| Uncontrolled term |
ქართული ფილოსოფიის ისტორია |
| 700 ## - ADDED ENTRY--PERSONAL NAME |
| Personal name |
მოისწრაფიშვილი, თენგიზ |
| Relator term |
რედაქტორი |
| 9 (RLIN) |
3551 |
| 700 ## - ADDED ENTRY--PERSONAL NAME |
| Personal name |
გორგოშაძე, მურმან |
| Relator term |
რედაქტორი |
| 9 (RLIN) |
3552 |
| 942 ## - ADDED ENTRY ELEMENTS (KOHA) |
| Koha item type |
წიგნი |
| Source of classification or shelving scheme |
|